000 00637nam a2200205 a 4500
005 20210223132359.0
008 140613s1994 mx r 000 0 spa d
020 _a9507242635
035 _aUPN01000197862
049 _aI
050 4 _aQ182.3 Q4.3
_bB5.4
100 1 _aBingham, Jane
_935940
245 1 3 _aEl libro de los experimentos científicos /
_cJane Bingham ; tr. Martha B. Larese Roja.
260 _aBuenos Aires :
_bLumen,
_cc1994.
300 _a64 p. :
_bil. col.
650 4 _aCIENCIA -
_xEXPERIMENTOS -
_vLITERATURA INFANTIL
_913449
650 4 _aEXPERIMENTOS EDUCATIVOS
_95899
905 _aInfantil
999 _c169963
_d169963